LEADER 01040nam a2200241 u 4500 001 000000014189 003 CaOOAMICUS 005 20070226105733.0 008 940713s1869 fr u000 u fre u 035 $a10337387 040 $aPUL(R)$bita 100 1 $aCzacki, W?odzimierz,$ccard.,$d1834-1888.$0(OLS)http://pul/name/13196 245 10$aA la veille du Concile /$c[Wlodzimierz Czacki]. 260 $aParis :$bLecoffre, fils et Cie., successeurs,$c1869. 300 $a2 f. p., 90 p. ;$c23 cm 611 24$aConcilium Vaticanum$n(1 :$d1869-1870).$0(OLS)http://pul/subject/1225 650 4$aConcili e sinodi.$0(OLS)http://pul/subject/1553 850 $aPUL 852 $aPUL$W1$xDP1 Antico 800$y27$m793 F 15$j19934$nBK-PRI$b $qStampati Antico$B19934$CPULBib$Z2$F19934 $H $81 941 1 $a15 960 $aConcilio Vaticano I (1869-1870) $91225 996 $6245$aA la veille du Concile$9(OLS)http://pul/title/20420 996 $6260$aParis :$bLecoffre, fils et Cie., successeurs$9(OLS)http://pul/publisher/54286 LEADER 01225nam a2200313 u 4500 001 000000073999 003 CaOOAMICUS 005 20070226122419.0 008 021128s1992 it u000 u ita u 020 $a8810103394 035 $a10946317 040 $aPUL(R)$bita 100 1 $aBarbon, Giancarla.$0(OLS)http://pul/name/49021 245 10$aCammino per la formazione dei catechisti /$cGiancarla Barbon, Rinaldo Paganelli. 260 $aBologna :$bEDB,$c1992. 300 $a240 p. ;$c24 cm 490 1 $aEducatori e catechisti 500 $aContiene indice. 504 $aBibliografia in nota. 650 4$aCatechismo.$0(OLS)http://pul/subject/1485 700 1 $aPaganelli, Rinaldo.$0(OLS)http://pul/name/49022 830 0$aEducatori e catechisti.$0(OLS)http://pul/title/63414 850 $aPUL 852 $aPUL$W1$xSL Religione 2$y84$mRH E1 53$j95549$nBK-PRI$b $qStampati altre collocazioni$B95549$CPULBib$Z2$F95549 $H $81 941 1 $a10 961 $aINV: 68652 996 $6020$a8810103394$9(OLS)http://pul/number/95657 996 $6245$aCammino per la formazione dei catechisti$9(OLS)http://pul/title/97256 996 $6260$aBologna :$bEDB$9(OLS)http://pul/publisher/56073